000 01485nam a2200301 a 4500
001 BRCA_2391
005 20190320203803.0
008 101108s1968----sp-#---###---#000-0#spa-u
041 _aspa
044 _asp
084 _a032
_b.H57
_c1968 F1615
100 1 _aCervantes Saavedra, Miguel de
_d1547-1616
_9213
245 1 0 _aDon Quijote de la Mancha
_bfacsímil de la primera impresión : según la edición príncipe de Juan de la Cuesta
_cMiguel de Cervantes.
260 _aPalma de Mallorca (España)
_bThe Hispanic Society of America : Alfaguara
_c1968
300 _a1 v. (sin paginación)
_c25 cm.
500 _aContenido : Preliminares. Texto
500 _aFacsímil de : Segunda parte del ingenioso cavallero Don Quixote de la Mancha. Madrid: Juan de la Cuesta, 1615
500 _aFacsímile de la segunda parte de la edición príncipe, publicado por The Hispanic Society of America, en Palma de Mallorca, el año de 1968. Ejemplat en rústica, impreso en excelente papel y con gran pureza de tipos Lúdovik Osterc
500 _aExistencias : Complementa al LO-006. Ejemplar foliado con el número 352
500 _aQMR114 (?)
650 1 4 _aNovela española
_yÉpoca clásica, 1500-1700
_9215
650 1 4 _aLiteratura española
_yÉpoca clásica, 1500-1700
_9216
650 1 4 _aNovela española
_ySiglo XVII
_9217
650 1 4 _aDon Quijote (Personaje ficticio)
_eNovela
_9218
740 0 _aEl Ingenioso Hidalgo Don Quijote de la Mancha
902 _aQFM
942 _2lcc
_cB
999 _c2132
_d2132